• 首页
  • 本馆介绍
  • 公告通知
  • 最新文献
  • 馆藏检索
  • 电子资源
  • 读者导购
  • 参考咨询
  • 我的图书馆
  • 登录
  • 详细信息显示
  • 放入我的书架
  • 预约/预借图书
  • 作者相关作品
  • 分类相关作品
  • 丛书相关作品
  • 出版社相关作品

书目信息

  • 表格格式
  • 工作单格式
  • 卡片格式
题名:
比较文学
    
 
作者: 基亚 著 ;颜保 著
分册:  
出版信息: 北京   北京大学出版社  1983
页数: 119页
开本: 21cm
丛书名: 北京大学比较文学研究丛书
单 册:
中图分类: I0-03 , I0
科图分类:
主题词: 比较文学 , 文学理论
电子资源:
ISBN:
000 00816nam2 2200301 45
001 0183007566
005 20040424090727.9
010    @dCNY0.50
091    @a10209.44
100    @a19950728d1983 emky0chiy0121 ea
101 1  @achi@cfre
102    @aCN@b110000
105    @ay z 000yy
106    @ar
200 10 @a比较文学@Abi jiao wen xue@f(法)马法·基亚著@g颜保译
210    @a北京@c北京大学出版社@d1983
215    @a119页@d21cm
225 2  @a北京大学比较文学研究丛书
410  0 @120010@a北京大学比较文学研究丛书
606    @a比较文学
606 0  @a文学理论
690    @aI0-03@v3
690    @aI0@v3
701  1 @a基亚@Aji ya@b马法@f法@4著
702  0 @a颜保@Ayan bao@4著
801  0 @aCN@b上海图书馆@c20040301
801  2 @aCN@bNLC@c20040301
905    @dI0@e43@f1@b115306@b101308@f4@b115309-312@f1
    
    比较文学/(法)马法·基亚著/颜保译.-北京:北京大学出版社,1983
    119页;21cm.-(北京大学比较文学研究丛书)
    
    
    ISBN :CNY0.50
    
●
相关链接 在E读中查询图书 在五车中查询图书 在当当中查询图书 在豆瓣中查询图书


正题名:比较文学     索取号:I0/43         预约/预借

序号 登录号 条形码 馆藏地/架位号 状态 备注
1 0101308   000897827   密集书库/ [索取号:I0/43] 在馆    
2 0101309   001884768   密集书库/ [索取号:I0/43] 在馆    
3 0101310   001884713   密集书库/ [索取号:I0/43] 在馆    
4 0115304   001884679   密集书库/ [索取号:I0/43] 在馆    
5 0115305   001884633   密集书库/ [索取号:I0/43] 在馆    
6 0115306   000897854   密集书库/ [索取号:I0/43] 在馆    
7 0115307   001884802   密集书库/ [索取号:I0/43] 在馆    
8 0115308   001884759   密集书库/ [索取号:I0/43] 在馆    
9 0115309   000897863   第二借阅区/ [索取号:I0/43] 在馆    
10 0115310   000897872   密集书库/ [索取号:I0/43] 在馆    
11 0115311   000897818   密集书库/ [索取号:I0/43] 在馆    
12 0115312   000897881   密集书库/ [索取号:I0/43] 在馆    
13 0115313   001884722   密集书库/ [索取号:I0/43] 在馆    
14 0175190   001884848   密集书库/ [索取号:I0/43] 在馆    
15 0175191   001884795   密集书库/ [索取号:I0/43] 在馆    
16 0175192   202068546   第一样本阅览室/ [索取号:I0/43] 在馆    
唐山师范学院图书馆 欢迎您!
大连网信软件有限公司© 版权所有